| 000 | 00400nam a2200157Ia 4500 | ||
|---|---|---|---|
| 008 | 230917s9999||||xx |||||||||||||| ||und|| | ||
| 040 |
_e21449 _aMAIN |
||
| 041 | _aEnglish | ||
| 082 | _a2BP 995.00615. | ||
| 100 | _af pharmacyFlorence, A | ||
| 245 | 0 | _aʋ Physicochemical principles o | |
| 250 | _aood ed. | ||
| 260 |
_a,Davi _bd5thLondonPharmaceut _cical |
||
| 300 | _aPress201 p. | ||
| 942 | _cBK | ||
| 999 |
_c53482 _d53482 |
||